000 00743nas a2200265 4500
001 BR8502315
003 BR-BrBNA
005 20231205090204.0
007 ta
008 230509b bl.|||p| |||| 00| 00por d
040 _aBR-BrBNA
_bpor
_cBiblioteca Nacional de Agricultura
041 _a(Pt)
072 _aL02; Q52; Q54
100 1 _aNavarro Junior, L.
100 1 _aLacorte, M.C.F.
100 1 _aBurgi, R.
245 1 _aBagaco de cana hidrolizado na alimentacao de bovinos
650 _aBOVINO
650 _aRACAO
650 _aBAGACO
650 _aCANA DE ACUCAR
773 0 _tAlcool e Acucar (Brazil)
_xISSN 0101-8566
_g(1985), v. 5(20) p. 32-37
_wBR8502315
909 _a202311
_bLúcia
_c55
_dLúcia Elande
942 _2AGRIS
_n0
_cANA
999 _c116660
_d116660